La légalité de l'intérêt financier dans l'action administrative (Registro nro. 314656)

Detalles MARC
000 -ENCABEZADO
Número de control [NR] 00780nam a2200205 a 4500
005 - FECHA Y HORA DE LA ÚLTIMA TRANSACCIÓN
control field 20210512105056.0
008 - DE LONGITUD FIJA DE DATOS DE ELEMENTOS - INFORMACIÓN GENERAL
Elementos de longitud fija [NR] 210512s1981 fr |||gr|||| 00| 0 fre d
040 ## - FUENTE DE CATALOGACION [NR]
Agencia de catalogación original [NR] CO-BoUCM
Idioma de catalogación [NR] spa
Quien Cataloga Deissy Garcia
Quien Clasifica Deissy Garcia
041 0# - CODIGO DE IDIOMA [R]
Código de idioma para texto/pista de sonido o título separado [R] Francés
100 1# - ASIENTO PRINCIPAL--NOMBRE PERSONAL [NR]
Nombre personal [NR] Teitgen-Colly, Catherine
ID Autoridad 103383
245 13 - MENCION DE TITULO [NR]
Título [NR] La légalité de l'intérêt financier dans l'action administrative
Mención de responsabilidad, etc. [NR] Catherine Teitgen-Colly
260 ## - PUBLICACION, DISTRIBUCION, ETC. (PIE DE IMPRENTA) [R]
Lugar de publicación, distribución, etc. [R] París
Nombre del editor, distribuidor, etc. [R] Economica
Fecha de publicación, distribución, etc. [R] 1981
300 ## - DESCRIPCION FISICA [R]
Extensión [R] vii, 536 páginas
490 0# - MENCION DE SERIE [R]
Mención de serie [R] Recherches Panthéon-Sorbonne, Université de Paris I
504 ## - NOTA DE BIBLIOGRAFIA, ETC. [R]
Nota de bibliografía, etc. [NR] Incluye referencias bibliográficas
650 #7 - ASIENTO SECUNDARIO DE MATERIA - TERMINO TEMATICO [R]
Término temático o nombre geográfico como elemento de entrada [NR] Dominio público
Subdivisión geográfica [R] Francia
9 (RLIN) 103384
650 #7 - ASIENTO SECUNDARIO DE MATERIA - TERMINO TEMATICO [R]
Término temático o nombre geográfico como elemento de entrada [NR] Actos administrativos
Subdivisión geográfica [R] Francia
9 (RLIN) 103385
942 ## - ELEMENTOS DE ENTRADA AGREGADOS (KOHA)
Tipo de ítem principal el descrito en 300a Libro
Sistema de clasificación DEWEY
Tema principal Derecho
Edición 1
Clasificación 343.44
Parte restante de la signatura top. T265l
Título oculto en OPAC No
Existencias
Signatura topográfica Código de barras Última vez visto Ejemplar Costo de reposición Price effective from Tipo de ítem Perdido Sistema de clasificación Dañado No prestable Tipo de ítem específico Suprimido Ubicación habitual Ubicación actual Localización Fecha de creación Proveedor Forma de adquisición Costo
343.44 T265l 100162975 06/12/2024 Ej.1 26000.00 08/08/2019 Libro   DEWEY     Libro   BodegaJK Claustro Préstamo 2 días después de solicitado 08/08/2019 12 Donación 0.00